| 000 | 02530cam a22003734a 4500 | ||
|---|---|---|---|
| 001 | 15928532 | ||
| 003 | OSt | ||
| 005 | 20160202122242.0 | ||
| 008 | 090929s2010 nyua b 001 0 eng | ||
| 010 | _a 2009040786 | ||
| 015 |
_2bnb _aGBA9A0029 |
||
| 016 | 7 |
_a101516126 _2DNLM |
|
| 016 | 7 |
_a015391804 _2Uk |
|
| 020 | _a9781607414360 (hardcover) | ||
| 020 | _a1607414368 (hardcover) | ||
| 035 | _a(OCoLC)ocn444337902 | ||
| 040 | _aSEKU | ||
| 042 | _apcc | ||
| 050 | 0 | 0 |
_aRC 119 _b.P3 |
| 245 | 0 | 0 |
_aParasitology research trends _cOlivier De Bruyn and Stephane Peeters, editors. |
| 260 |
_aNew York : _bNova Science Publishers, _cc2010. |
||
| 300 |
_axii, 277 p. : _bill. (some col.) ; _c27 cm. |
||
| 490 | 1 | _aAdvances in biology and medicine series | |
| 504 | _aIncludes bibliographical references and index. | ||
| 505 | 0 | _aThe dense granule proteins of Toxoplasma gondii / Corinne Mercier ... [et al.] -- Adhesion of giardia to epithelial cells : structures, molecules and pathogenicity / María Luisa Bazán-Tejeda ... [et al.] -- Babesia gibsoni : trends in application of molecular biology and biotechnology for diagnosis, vaccine development and drug target validation of the parasite / Gabriel Oluga Aboge and Xuenan Xuan -- New insight into the liver stage biology of malaria parasites / Gabriele Pradel and Ann-Kristin Müller -- Multilocus sequence typing (MLST) and its applications in epidemiological studies for parasitic infections / Suradej Siripattanapipong ... [et al.] -- Metabolism of poly-ADP-ribose in trypanosomatids / Guillermo D. Alonso, Salomé C. Vilchez Larrea and Silvia H. Fernández Villamil -- The hepatocellular dysfunction criteria : hepatocyte carbohydrate metabolizing enzymes and Kupffer cell lysosomal enzymes in 2-nitroimidazole effect on amoebic liver abscess (electron microscopic enzyme approach) / Rakesh Sharma -- Parasite control and livestock production in Nigeria / Nicodemus M. Useh -- Climate change : possible impacts on waterborne parasitic infections at northern latitudes / Lucy J. Robertson -- Diagnostic of opportunistic parasites in liver transplantation / Ma. de la Luz Galván-Ramírez, Ana Rosa Rincón Sánchez and Rosa Maria Bernal Redondo. | |
| 650 | 0 | _aParasitic diseases. | |
| 650 | 1 | 2 |
_aParasitic Diseases _xepidemiology. |
| 650 | 2 | 2 |
_aParasites _xparasitology. |
| 650 | 2 | 2 |
_aParasitic Diseases _xetiology. |
| 700 | 1 | _aBruyn, Olivier de. | |
| 700 | 1 | _aPeeters, Stephane. | |
| 830 | 0 | _aAdvances in biology and medicine series. | |
| 942 |
_2lcc _cGEN |
||
| 999 |
_c8724 _d8724 |
||